| 000 | 00592cam a2200217 a 4500 | ||
|---|---|---|---|
| 001 | 2607350 | ||
| 005 | 20180301044059.0 | ||
| 008 | 970723s1976 nyu d 000 0 eng | ||
| 010 | _a 97175521 | ||
| 020 | _a042509975X | ||
| 040 |
_aDLC _cDLC _dDLC |
||
| 041 | _aeng | ||
| 080 | _a423.1 LEW | ||
| 082 | 0 | 0 |
_a423.1 LEW _221 |
| 100 | _a23 | ||
| 101 | _aFJA | ||
| 245 | 0 | 4 | _aThe new Roget's thesaurus in dictionary form. |
| 906 |
_a7 _bcbc _corignew _d2 _encip _f19 _gy-gencatlg |
||
| 942 |
_2ddc _cBK |
||
| 999 |
_c43800 _d43800 |
||